000 00411 a2200145 4500
020 _a0470847743
024 _a9780470847749
082 _a658.155
090 _c2737
_d2737
100 _aBanks, Erik.
245 _aThe Simple Rules of Risk; Revisiting the art of Financial Risk Management
_cErik Banks
260 _aNew York
_bJohn Wiley and Sons LTD.
_c2002
300 _a138
942 _aNBS
_cBK
_k658.155 BAN
999 _c345228
_d345228